Statistiques concernant Monaco par images

Cliquez ici pour prendre le quiz!

Statistiques générales

  • Ce quiz a été pris 82 fois
  • Le résultat moyen est 10 sur 18

Statistiques - réponses

Réponse% Correct
AS Monaco FC
93%
Les Tuche
88%
Albert II
84%
Casino de Monte-Carlo
80%
Euro
80%
Mer Méditerranée
70%
Grace Kelly
63%
Grand Prix de Monaco
61%
Indonésie
51%
Grimaldi
46%
Rayman
45%
Ouragan
43%
Le Rocher
41%
Léo Ferré
39%
Musée océanographique
33%
Palais princier
28%
Rolex Monte Carlo Masters
22%
Barbajuan
8%

Distribution des résultats

Percentile par nombre de réponses

% des personnes avec chaque résultat

Votre développement - résultats

Vous n’avez pas pris ce quiz